<?xml version="1.0" encoding="UTF-8"?>
<record
    xmlns:xsi="http://www.w3.org/2001/XMLSchema-instance"
    xsi:schemaLocation="http://www.loc.gov/MARC21/slim http://www.loc.gov/standards/marcxml/schema/MARC21slim.xsd"
    xmlns="http://www.loc.gov/MARC21/slim">

  <leader>00859cam a22002051  4500</leader>
  <controlfield tag="001">g  01002178 </controlfield>
  <controlfield tag="003">DLC</controlfield>
  <controlfield tag="005">20260227111257.0</controlfield>
  <controlfield tag="008">930513s1880    gw a          000 0 ger  </controlfield>
  <datafield tag="010" ind1=" " ind2=" ">
    <subfield code="a">g  01002178 </subfield>
  </datafield>
  <datafield tag="035" ind1=" " ind2=" ">
    <subfield code="a">(OCoLC)28104985</subfield>
  </datafield>
  <datafield tag="040" ind1=" " ind2=" ">
    <subfield code="a">DLC</subfield>
    <subfield code="c">CU</subfield>
    <subfield code="d">CU</subfield>
    <subfield code="d">DLC</subfield>
  </datafield>
  <datafield tag="050" ind1="0" ind2="0">
    <subfield code="a">HD659.H2</subfield>
    <subfield code="b">S3</subfield>
  </datafield>
  <datafield tag="100" ind1="1" ind2=" ">
    <subfield code="a">Schlitz genannt von G&#xF6;rtz, Werner,</subfield>
    <subfield code="d">1849-</subfield>
  </datafield>
  <datafield tag="245" ind1="0" ind2="4">
    <subfield code="a">Die Entwicklung der Landwirthschaft auf den Goertz-Wrisbergschen g&#xFC;tern in der provinz Hannover auf grund Archivalischen materials,</subfield>
    <subfield code="c">von Werner graf Goertz-Wrisberg ...</subfield>
  </datafield>
  <datafield tag="260" ind1=" " ind2=" ">
    <subfield code="a">Jena,</subfield>
    <subfield code="b">G. Fischer,</subfield>
    <subfield code="c">1880.</subfield>
  </datafield>
  <datafield tag="300" ind1=" " ind2=" ">
    <subfield code="a">xv, 147, [1] p. incl. tables (1 fold.)</subfield>
    <subfield code="c">24 cm.</subfield>
  </datafield>
  <datafield tag="440" ind1=" " ind2="0">
    <subfield code="a">Sammlung national&#xF6;konomischer und statistischer Abhandlungen des Staatswissenschaftlichen seminars zu Halle a.d.S.,</subfield>
    <subfield code="v">2. Bd., 4. Hft.</subfield>
  </datafield>
  <datafield tag="650" ind1=" " ind2="0">
    <subfield code="a">Agriculture</subfield>
    <subfield code="z">Germany</subfield>
    <subfield code="z">Hannover (Province)</subfield>
  </datafield>
  <datafield tag="999" ind1=" " ind2=" ">
    <subfield code="c">23922</subfield>
    <subfield code="d">23922</subfield>
  </datafield>
</record>
